| 000 | 00322nam a22001217a 4500 | ||
|---|---|---|---|
| 082 |
_a297 _bNIL _cM |
||
| 100 |
_aNilvi, Mulana Syed Muhammad Hussain _951105 |
||
| 245 | _aنداے حق | ||
| 260 |
_aSargoda, _bGulistan, _cSargoda. |
||
| 300 |
_a407p. _c26cm |
||
| 526 |
_a0 _b0 _c0 _d297_000000000000000_NIL |
||
| 942 |
_2ddc _cBK |
||
| 999 |
_c553856 _d553856 |
||